00369nam a2200109Ia 4500008004100000082000800041100001800049245007400067942000600141952009700147999001500244240331s9999 xx 000 0 und d bBAL aBalasingham,A 0aWar and peace :barmy struggle and peace efforts of liberation tigers cL 001040708LaWERCLbWERCLcSSCd2024-03-31l0o 305.8 BALp5543r2024-03-31w2024-03-31yL c2204d2204